| 000 | 01034cam a22002771 4500 | ||
|---|---|---|---|
| 999 |
_c128787 _d128787 |
||
| 001 | 7074495 | ||
| 003 | ARRUPE | ||
| 005 | 20190123121810.0 | ||
| 008 | 780320s1964 enkb b 000 0 eng | ||
| 010 | _a 67004224 | ||
| 035 | _a(OCoLC)3731520 | ||
| 040 |
_aDLC _cMiRochOU _dNBrockU _dDLC |
||
| 043 |
_af-sj--- _af-ug--- |
||
| 050 | 0 | 0 |
_aSPC. DT132 _b.B8 1964 |
| 100 | 1 |
_aColson, Audrey Butt. _944040 |
|
| 245 | 1 | 4 |
_aThe Nilotes of the Sudan and Uganda. _cAudrey Butt |
| 250 | _aRecorded ed. | ||
| 260 |
_aLondon, _bInternational African Institute _c[1964] |
||
| 300 |
_a198 p. _bfold. map. _c25 cm. |
||
| 440 | 0 |
_aEthnographic survey of Africa: East Central Africa, _vpt. 4 _944041 |
|
| 500 | _aFirst ed. published in 1952 under title: The Nilotes of the Anglo-Egyptian Sudan and Uganda. | ||
| 504 | _aBibliography: p. 182-198. "Supplementary bibliography" ([8] p.) inserted. | ||
| 650 | 0 |
_aNilotic peoples. _932312 |
|
| 710 | 2 |
_aInternational African Institute. _93663 |
|
| 906 |
_a7 _bcbc _coclcrpl _du _encip _f19 _gy-gencatlg |
||
| 942 |
_2lcc _cSPC |
||